00729nam a2200181Ia 4500003000900000008004100009020002600050040001600076100003000092245005100122260003200173300002000205490003300225856010300258942000700361999001700368952016200385IN-BaIIA211028s9999 xx s 000 0 eng d a9780819400130 (Print) cIIA Library aKhorana, Brij, ed.941231 0a1988 Intl Conf on Education in Opticsh[eBook] aWashington, USAbSPIEc1989 aOnline resource aProceedings of SPIE; V. 0978 uhttps://www.spiedigitallibrary.org/conference-proceedings-of-spie/0978yClick Here to Access eBook cEB c22605d22605 00104070aBANbBANd2011-07-01eSPIEhV. 978l0pEB2065r2021-11-05uhttps://www.spiedigitallibrary.org/conference-proceedings-of-spie/0978w2021-11-05yEB